Obšie položenia
Elmentve itt :
| Szerző: | |
|---|---|
| Dokumentumtípus: | Cikk |
| Megjelent: |
1989
|
| Sorozat: | Dissertationes slavicae. sectio historiae litterarum
20 |
| Kulcsszavak: | Irodalomtudomány |
| Online Access: | http://acta.bibl.u-szeged.hu/1520 |
| LEADER | 00606nab a2200181 i 4500 | ||
|---|---|---|---|
| 001 | acta1520 | ||
| 005 | 20210310133241.0 | ||
| 008 | 161015s1989 hu o 0|| rus d | ||
| 022 | |a 0237-9562 | ||
| 040 | |a SZTE Egyetemi Kiadványok Repozitórium |b hun | ||
| 041 | |a rus | ||
| 100 | 1 | |a Szalma Natália | |
| 245 | 1 | 0 | |a Obšie položenia |h [elektronikus dokumentum] / |c Szalma Natália |
| 260 | |c 1989 | ||
| 300 | |a 7-29 | ||
| 490 | 0 | |a Dissertationes slavicae. sectio historiae litterarum |v 20 | |
| 695 | |a Irodalomtudomány | ||
| 856 | 4 | 0 | |u http://acta.bibl.u-szeged.hu/1520/1/dissert_slav_hist_020_007-029.pdf |z Dokumentum-elérés |